|
|
|
|
| LEADER |
00000nab a2200000 a 4500 |
| 001 |
vtls000885478 |
| 003 |
SK-MaSNL |
| 005 |
20260304031410.0 |
| 008 |
140303c2004 xo 0 slo |
| 015 |
|
|
|a SNBRB2004/09-27182
|
| 035 |
|
|
|a CLN000236921
|
| 040 |
|
|
|a SNKBUCL
|b slo
|c SNKBUCL
|e AACR2
|
| 041 |
0 |
|
|a slo
|
| 044 |
|
|
|a xo
|c SK
|
| 080 |
|
|
|a 616.89-008.454
|2 1997
|
| 100 |
1 |
|
|a Mosnárová, Alena
|4 aut
|9 266510
|
| 245 |
1 |
0 |
|a Alfa a omega depresie
|c Alena Mosnárová
|
| 300 |
|
|
|b Obr., tab.
|
| 650 |
0 |
7 |
|a depresie
|2 snkbucl
|9 30104
|
| 650 |
0 |
7 |
|a depresie
|2 MESH
|9 30104
|
| 655 |
|
7 |
|a články z novín a časopisov
|2 snkbucl
|9 267496
|
| 773 |
0 |
|
|t [Príl.] Lekárske listy
|g Č. 22 (2004), s. 9-12
|x 1335-4477
|
| 773 |
0 |
|
|t Zdravotnícke noviny
|g Roč. 9, č. 22 (2004)
|x 1335-4477
|
| 850 |
|
|
|a Slovenská národná knižnica v Martine
|
| 852 |
|
|
|a SNK
|b KIS3GCP
|
| 958 |
|
|
|a MI
|
| 992 |
|
|
|a RBX
|
| 999 |
|
|
|c 2637921
|d 2639851
|